[Event "25.Schlosspark-Open"]
[Site "Wiesbaden-Biebrich"]
[Date "2013.08.22"]
[Round "1.52"]
[White "Triantafillidis, Zoe"]
[Black "Giese, Tilman"]
[Result "0-1"]
[WhiteElo "1691"]
[BlackElo "2045"]
[PlyCount "78"]
[EventDate "2013.??.??"]
[WhiteTeam "SF HN-Biberach 1978 e.V."]
[BlackTeam "SC Turm Illingen"]

1. e4 c5 2. Nf3 d6 3. Nc3 Nf6 4. d4 cxd4 5. Nxd4 a6 6. Bc4 e6 7. O-O b5 8. Bd3
Bb7 9. Re1 Nbd7 10. Nf3 b4 11. Na4 Bc6 12. c4 Qa5 13. Bc2 Nc5 14. Nxc5 Qxc5 15.
Be3 Qh5 16. Bf4 Rd8 17. Ba4 Bd7 18. Bxd7+ Rxd7 19. Qa4 Qg4 20. e5 Qxf4 21. exf6
gxf6 22. Qxa6 Rg8 23. Qa8+ Ke7 24. Re4 Bh6 25. Rxf4 Rxa8 26. Rh4 Bg7 27. Rxh7
Kf8 28. Rh5 f5 29. Rb1 Rxa2 30. b3 Rda7 31. Kf1 Bc3 32. Rh3 Ra1 33. Rxa1 Rxa1+
34. Ke2 Ra2+ 35. Ke3 Rb2 36. Nd4 f4+ 37. Ke4 d5+ 38. Kxf4 Bxd4 39. cxd5 e5+ 0-1

[Event "25.Schlosspark-Open"]
[Site "Wiesbaden-Biebrich"]
[Date "2013.08.22"]
[Round "1.53"]
[White "Tepe, Josef"]
[Black "Kempfer, Justus"]
[Result "0-1"]
[WhiteElo "2044"]
[BlackElo "1683"]
[PlyCount "46"]
[EventDate "2013.??.??"]
[WhiteTeam "SC Taunusstein 1966"]
[BlackTeam "SJ Herborn 1998"]

1. d4 Nf6 2. Bg5 e6 3. e4 h6 4. Bxf6 Qxf6 5. Nc3 Bb4 6. Qd2 e5 7. dxe5 Qxe5 8.
Bd3 Nc6 9. Nge2 d6 10. O-O O-O 11. f4 Qf6 12. a3 Ba5 13. b4 Bb6+ 14. Kh1 Be6
15. b5 Nd4 16. Ng3 Ba5 17. f5 Bd7 18. e5 dxe5 19. Nge4 Qh4 20. f6 g6 21. Qe3
Nf5 22. Qe2 Bxc3 23. Nxc3 Ng3+ 0-1

[Event "25.Schlosspark-Open"]
[Site "Wiesbaden-Biebrich"]
[Date "2013.08.22"]
[Round "1.54"]
[White "Spinnler, Wolfgang"]
[Black "Stabernack, Joschi"]
[Result "0-1"]
[WhiteElo "1683"]
[BlackElo "2041"]
[PlyCount "84"]
[EventDate "2013.??.??"]
[WhiteTeam "SC Landskrone"]
[BlackTeam "Kasseler SK 1876"]

1. d4 Nf6 2. c4 g6 3. Nc3 Bg7 4. e4 d6 5. f3 O-O 6. Be3 a6 7. Bd3 Nbd7 8. Nge2
c5 9. d5 Ne5 10. Qd2 Qa5 11. O-O Nfd7 12. Rab1 Nxd3 13. Qxd3 Ne5 14. Qc2 Nxc4
15. Bg5 Qc7 16. Qc1 b5 17. Bh6 Bd7 18. Bxg7 Kxg7 19. b3 Ne5 20. f4 Ng4 21. f5
Ne5 22. Qf4 f6 23. Rbd1 c4 24. b4 a5 25. a3 axb4 26. axb4 Ra3 27. Ra1 Qa7+ 28.
Qf2 Rxa1 29. Qxa7 Rxa7 30. Nd4 Rb8 31. Rb1 Ra3 32. Nce2 g5 33. Nc2 Ra2 34. Ned4
Rba8 35. h3 h5 36. Kh2 Nd3 37. Kg3 Rb2 38. Rxb2 Nxb2 39. Nc6 Bxc6 40. dxc6 Rc8
41. Nd4 Kf7 42. Kf3 Nd3 0-1

[Event "25.Schlosspark-Open"]
[Site "Wiesbaden-Biebrich"]
[Date "2013.08.22"]
[Round "1.55"]
[White "Seehaus, Bernhard"]
[Black "Lorenz, Hermann"]
[Result "1-0"]
[WhiteElo "2038"]
[BlackElo "1673"]
[PlyCount "79"]
[EventDate "2013.??.??"]
[WhiteTeam "SV Schachforum Darmstadt 1994"]
[BlackTeam "Sfr.Mainz 1928"]

1. d3 Nf6 2. Nf3 g6 3. c3 Bg7 4. e4 d6 5. Be2 O-O 6. O-O c5 7. a4 a5 8. Na3 Nc6
9. h3 Rb8 10. Bf4 e5 11. Be3 h6 12. Qc2 Nh5 13. Rad1 Nf4 14. Bxf4 exf4 15. d4
Qe7 16. Rfe1 b6 17. Bb5 Bb7 18. d5 Ne5 19. Nxe5 Bxe5 20. f3 Bc8 21. Nc4 f6 22.
Rf1 Kh8 23. g4 g5 24. Rb1 Kg7 25. Kg2 Qd8 26. Rfc1 Qc7 27. b4 Qa7 28. bxa5 bxa5
29. Bc6 Ba6 30. Nxa5 Rxb1 31. Rxb1 Bf1+ 32. Kxf1 Qxa5 33. Rb5 Qxc3 34. Qxc3
Bxc3 35. a5 c4 36. a6 Bd4 37. Rb4 Bc5 38. Rxc4 Rb8 39. Rxc5 Rb1+ 40. Ke2 1-0

[Event "25.Schlosspark-Open"]
[Site "Wiesbaden-Biebrich"]
[Date "2013.08.22"]
[Round "1.56"]
[White "Binfet, Daniel"]
[Black "Leidorf, Sebastian"]
[Result "0-1"]
[WhiteElo "1670"]
[BlackElo "2037"]
[PlyCount "82"]
[EventDate "2013.??.??"]
[WhiteTeam "TuS Makkabi Wiesbaden"]
[BlackTeam "SV Bergwinkel"]

1. e4 e6 2. d4 d5 3. Nc3 Nf6 4. e5 Nfd7 5. Bd3 c5 6. Nf3 cxd4 7. Nxd4 Nxe5 8.
O-O Nxd3 9. Qxd3 Nc6 10. Bf4 Bd6 11. Bxd6 Qxd6 12. Ncb5 Qd7 13. Qg3 O-O 14.
Nxc6 bxc6 15. Nc7 Rb8 16. Nxe6 fxe6 17. Qxb8 Ba6 18. Qe5 Bxf1 19. Rxf1 Rf5 20.
Qe3 e5 21. f3 Qc7 22. Re1 Qb6 23. Qxb6 axb6 24. Kf2 h5 25. Re3 Kf7 26. Ra3 Rf6
27. Ke3 Rg6 28. g3 Ke7 29. Rd3 b5 30. c3 Kd6 31. b3 h4 32. g4 Rf6 33. a4 bxa4
34. bxa4 Rf4 35. Rd4 exd4+ 36. Kxf4 g5+ 37. Kxg5 dxc3 38. Kf6 c2 39. g5 c1=Q
40. g6 Qf4+ 41. Kg7 Ke7 0-1

[Event "25.Schlosspark-Open"]
[Site "Wiesbaden-Biebrich"]
[Date "2013.08.22"]
[Round "1.57"]
[White "Willems, Matthias"]
[Black "Triantafillidis, Dimitrios"]
[Result "1-0"]
[WhiteElo "2037"]
[BlackElo "1660"]
[PlyCount "79"]
[EventDate "2013.??.??"]
[WhiteTeam "SC Bad Nauheim"]
[BlackTeam "SF HN-Biberach 1978 e.V."]

1. d4 Nf6 2. Bg5 d5 3. Bxf6 exf6 4. e3 Be6 5. g3 Bd6 6. Bg2 c6 7. Nd2 Nd7 8.
Ne2 Nf8 9. b3 Qa5 10. O-O Bb4 11. Nf3 Ng6 12. Qd3 Ne7 13. c3 Bf5 14. Qd2 Bd6
15. h3 O-O 16. a4 Ng6 17. Rfc1 h5 18. b4 Qc7 19. c4 Qd7 20. h4 Be4 21. c5 Bb8
22. Nc3 Qc7 23. Nxe4 dxe4 24. Ne1 f5 25. Qd1 Nxh4 26. gxh4 Qh2+ 27. Kf1 Qxh4
28. d5 Be5 29. Ra2 Rad8 30. d6 f4 31. exf4 Qxf4 32. Rc4 f5 33. Qxh5 Rf6 34. Nd3
exd3 35. Rxf4 Bxf4 36. Qd1 d2 37. Rxd2 Bxd2 38. Qxd2 Re6 39. Qg5 Rde8 40. Bf3
1-0

[Event "25.Schlosspark-Open"]
[Site "Wiesbaden-Biebrich"]
[Date "2013.08.22"]
[Round "1.58"]
[White "Hoffmann, Jens"]
[Black "Scharrer, Udo"]
[Result "1/2-1/2"]
[WhiteElo "1655"]
[BlackElo "2036"]
[PlyCount "76"]
[EventDate "2013.??.??"]
[WhiteTeam "SF HN-Biberach 1978 e.V."]
[BlackTeam "SG Stern Stuttgart"]

1. e4 c5 2. Nf3 Nc6 3. d4 cxd4 4. Nxd4 Nf6 5. Nc3 e5 6. Nb3 Bb4 7. Bd3 d5 8.
exd5 Nxd5 9. Bd2 Bxc3 10. Bxc3 Nxc3 11. bxc3 O-O 12. Qd2 Qc7 13. O-O-O Na5 14.
Kb2 Be6 15. Nxa5 Qxa5 16. c4 Qxd2 17. Rxd2 Rac8 18. Re1 Rc5 19. Rde2 f6 20. f4
Bxc4 21. Bxc4+ Rxc4 22. fxe5 fxe5 23. Rxe5 Rfc8 24. Re8+ Rxe8 25. Rxe8+ Kf7 26.
Re3 Rc6 27. Kb3 Rb6+ 28. Kc3 Ra6 29. Kb3 Rb6+ 30. Kc3 Rg6 31. g3 Rh6 32. h4 Ra6
33. Kb3 Rb6+ 34. Kc3 Kf6 35. g4 Ra6 36. Kb3 Rd6 37. Rf3+ Kg6 38. Rf5 Rb6+
1/2-1/2

[Event "25.Schlosspark-Open"]
[Site "Wiesbaden-Biebrich"]
[Date "2013.08.22"]
[Round "1.59"]
[White "Bingert, Tim Niklas"]
[Black "Wöhl, Torsten"]
[Result "1-0"]
[WhiteElo "2026"]
[BlackElo "1647"]
[PlyCount "63"]
[EventDate "2013.??.??"]
[WhiteTeam "SK Langen"]
[BlackTeam "SC Groß-Zimmern"]

1. e4 e6 2. d4 c5 3. Nf3 Nc6 4. Nc3 Qb6 5. d5 Nd4 6. Nd2 exd5 7. Nxd5 Qd8 8. c3
Ne6 9. a4 Nf6 10. Bc4 Nxd5 11. exd5 Nf4 12. Qf3 Qe7+ 13. Kd1 Ng6 14. Re1 Ne5
15. Qg3 d6 16. f4 Bg4+ 17. Kc2 Bf5+ 18. Kb3 O-O-O 19. fxe5 Qc7 20. Nf3 g6 21.
Bf4 Qb6+ 22. Ka3 Bc2 23. b3 Bg7 24. Rac1 Bf5 25. exd6 Qa5 26. b4 cxb4+ 27. cxb4
Qb6 28. a5 Bb2+ 29. Kb3 Qd4 30. Nxd4 Bxd4 31. d7+ Kxd7 32. Bb5# 1-0

[Event "25.Schlosspark-Open"]
[Site "Wiesbaden-Biebrich"]
[Date "2013.08.22"]
[Round "1.60"]
[White "Hill, Michael"]
[Black "Gentner, Markus"]
[Result "0-1"]
[WhiteElo "1621"]
[BlackElo "2025"]
[PlyCount "56"]
[EventDate "2013.??.??"]
[WhiteTeam "Wiesbadener SV 1885"]
[BlackTeam "SG Stern Stuttgart"]

1. b3 Nf6 2. Bb2 g6 3. f4 Bg7 4. Nf3 d5 5. e3 c5 6. c4 dxc4 7. Bxc4 O-O 8. O-O
Nc6 9. Nc3 a6 10. Rc1 b5 11. Be2 Nd7 12. Qc2 Bb7 13. a3 Rc8 14. Ne4 Nb4 15.
axb4 cxb4 16. Qb1 Bxb2 17. Rxc8 Qxc8 18. Qxb2 Bxe4 19. Rc1 Qb7 20. Qd4 a5 21.
Nh4 Bc6 22. Bf3 Bxf3 23. Nxf3 Rc8 24. Rxc8+ Qxc8 25. Qd5 a4 26. Qxb5 a3 27.
Qxb4 Qc1+ 28. Kf2 a2 0-1

[Event "25.Schlosspark-Open"]
[Site "Wiesbaden-Biebrich"]
[Date "2013.08.22"]
[Round "1.61"]
[White "Machlin, Maxim"]
[Black "Rößler, Lukas Namgyu"]
[Result "1-0"]
[WhiteElo "1995"]
[BlackElo "1604"]
[PlyCount "43"]
[EventDate "2013.??.??"]
[WhiteTeam "Biebertaler SF"]
[BlackTeam "SK Mannheim-Lindenhof 1865"]

1. e4 c5 2. Nf3 e6 3. d4 cxd4 4. Nxd4 a6 5. Nc3 b5 6. a3 Bb7 7. Be3 Qc7 8. Bd3
Nf6 9. O-O Bc5 10. Kh1 Qb6 11. e5 Nd5 12. Nxd5 Bxd5 13. Qg4 Kf8 14. b4 Be7 15.
Nxb5 Qb7 16. Nd6 Bxd6 17. exd6 Nc6 18. f4 h5 19. Qh3 Na7 20. Rf2 g6 21. Qh4 Nc8
22. Qd8+ 1-0

[Event "25.Schlosspark-Open"]
[Site "Wiesbaden-Biebrich"]
[Date "2013.08.22"]
[Round "1.62"]
[White "Baumeister, Lutz"]
[Black "Malzahn, Sven"]
[Result "0-1"]
[WhiteElo "1617"]
[BlackElo "2017"]
[PlyCount "66"]
[EventDate "2013.??.??"]
[WhiteTeam "Wiesbadener SV 1885"]
[BlackTeam "SAbt TuS Dotzheim"]

1. d4 Nf6 2. Nf3 c5 3. e3 g6 4. c3 Qc7 5. Bd3 Bg7 6. O-O O-O 7. Re1 d5 8. Nbd2
Nbd7 9. e4 dxe4 10. Nxe4 b6 11. dxc5 Nxc5 12. Nxc5 Qxc5 13. Be3 Qc7 14. Qc2 Bb7
15. Be2 Ng4 16. h3 Nxe3 17. fxe3 Rad8 18. Rad1 Qg3 19. Rf1 Bh6 20. e4 Bc8 21.
Kh1 Bf4 22. Bd3 Bxh3 23. gxh3 Qxh3+ 24. Nh2 Bxh2 25. Qxh2 Rxd3 26. Qxh3 Rxh3+
27. Kg2 Re3 28. Rd4 f5 29. exf5 Rxf5 30. Rxf5 gxf5 31. Kf2 Re6 32. Rd5 Kf7 33.
b4 Rd6 0-1

[Event "25.Schlosspark-Open"]
[Site "Wiesbaden-Biebrich"]
[Date "2013.08.22"]
[Round "1.63"]
[White "Muuss, Klaus"]
[Black "Rosmanitz, Anna"]
[Result "0-1"]
[WhiteElo "2009"]
[BlackElo "1615"]
[PlyCount "72"]
[EventDate "2013.??.??"]
[WhiteTeam "VSF Flintbek"]
[BlackTeam "SC 1979 Hattersheim"]

1. e4 e5 2. Nf3 Nc6 3. Bb5 f5 4. d3 Nf6 5. Nc3 Bc5 6. O-O d6 7. Bg5 O-O 8. Nd5
fxe4 9. dxe4 Bg4 10. c3 Ne7 11. Bxf6 gxf6 12. b4 Nxd5 13. Qxd5+ Kh8 14. bxc5 c6
15. Bxc6 bxc6 16. Qxd6 Qc8 17. Nh4 Qe8 18. Qd2 Qh5 19. g3 Bh3 20. Qd1 Qxh4 21.
Re1 Rg8 22. Re3 Qg5 23. Rb1 h5 24. Rb7 Rad8 25. Qe2 h4 26. Rb1 hxg3 27. hxg3
Bg4 28. f3 Bh3 29. g4 Qf4 30. Re1 Rd7 31. Qh2 Qh6 32. Kf2 Rd2+ 33. R3e2 Rgd8
34. Kg3 Rxe2 35. Rxe2 Qf4+ 36. Kxh3 Qxf3+ 0-1

[Event "25.Schlosspark-Open"]
[Site "Wiesbaden-Biebrich"]
[Date "2013.08.22"]
[Round "1.64"]
[White "Roth, Michael"]
[Black "Zeyer, Oliver"]
[Result "0-1"]
[WhiteElo "1607"]
[BlackElo "2001"]
[PlyCount "56"]
[EventDate "2013.??.??"]
[WhiteTeam "SC Lerchenberg/ZMO"]
[BlackTeam "SF HN-Biberach 1978 e.V."]

1. e4 c5 2. Nf3 Nc6 3. Bc4 e6 4. c3 d6 5. d4 cxd4 6. cxd4 Nf6 7. Bg5 Be7 8. Nc3
a6 9. Bxf6 Bxf6 10. Qd2 O-O 11. O-O-O b5 12. Bd3 Nxd4 13. Nxd4 Bxd4 14. Qc2 e5
15. Kb1 Be6 16. Nd5 Rc8 17. Qd2 f5 18. Ne3 fxe4 19. Bxe4 d5 20. Bc2 Qf6 21. Qd3
g6 22. Rd2 Rc5 23. h4 Rfc8 24. h5 Bxe3 25. fxe3 Bf5 26. Rf1 Bxd3 27. Rxf6 Rxc2
28. Rxc2 Rxc2 0-1

[Event "25.Schlosspark-Open"]
[Site "Wiesbaden-Biebrich"]
[Date "2013.08.22"]
[Round "1.65"]
[White "Supplieth, Peter"]
[Black "Happel, Jürgen"]
[Result "1-0"]
[WhiteElo "2000"]
[BlackElo "1552"]
[PlyCount "55"]
[EventDate "2013.??.??"]
[WhiteTeam "SC Kevelaer 1948 e.V."]
[BlackTeam "SV 1920 Hofheim"]

1. e4 e5 2. Nf3 Nc6 3. Bb5 d6 4. O-O Bd7 5. c3 Nf6 6. Qe2 a6 7. Ba4 Be7 8. Rd1
O-O 9. d4 exd4 10. cxd4 Na7 11. Bxd7 Qxd7 12. Nc3 h6 13. Bf4 Qc8 14. Rac1 c6
15. e5 Ne8 16. Nd5 Qe6 17. Nb6 Rd8 18. d5 cxd5 19. Nd4 Qg6 20. Nxd5 Bg5 21. e6
fxe6 22. Nxe6 Rxf4 23. Nexf4 Qf7 24. Ne6 Rc8 25. Rxc8 Nxc8 26. Nxg5 hxg5 27.
Qc4 Qh5 28. Nf6+ 1-0

[Event "25.Schlosspark-Open"]
[Site "Wiesbaden-Biebrich"]
[Date "2013.08.22"]
[Round "1.66"]
[White "Braum, Hermann Josef"]
[Black "Eg, Karlheinz"]
[Result "1/2-1/2"]
[WhiteElo "1550"]
[BlackElo "1999"]
[PlyCount "53"]
[EventDate "2013.??.??"]
[WhiteTeam "Vorw.Orient Mainz"]
[BlackTeam "SV Rüsselsheim 1929"]

1. d4 Nf6 2. Nf3 g6 3. c4 Bg7 4. Nc3 d5 5. e3 O-O 6. Bd3 c5 7. dxc5 Qa5 8. Qa4
Qxc5 9. Qb5 Na6 10. cxd5 Qxb5 11. Bxb5 Nb4 12. e4 Nc2+ 13. Kd1 Nxa1 14. Be3 Ng4
15. Kd2 Nxe3 16. fxe3 a6 17. Bd3 b5 18. Rxa1 b4 19. Na4 Bd7 20. Nb6 Bxb2 21.
Rb1 Ra7 22. Rxb2 a5 23. Nxd7 Rxd7 24. Nd4 Ra8 25. Bb5 Rd6 26. Bc6 Rc8 27. e5
1/2-1/2

[Event "25.Schlosspark-Open"]
[Site "Wiesbaden-Biebrich"]
[Date "2013.08.22"]
[Round "1.67"]
[White "Klyszcz, Michael"]
[Black "Künne, Lutz Dieter"]
[Result "1-0"]
[WhiteElo "1999"]
[BlackElo "1542"]
[PlyCount "37"]
[EventDate "2013.??.??"]
[WhiteTeam "SG 1871 Löberitz"]
[BlackTeam "Kings Club 98 Jena"]

1. Nf3 d5 2. c4 c6 3. b3 Nd7 4. cxd5 cxd5 5. Bb2 Ngf6 6. g3 e6 7. Bg2 Bd6 8.
O-O O-O 9. Nc3 a6 10. d3 b5 11. a3 Bb7 12. Qd2 Rc8 13. Rac1 Qb6 14. b4 h6 15.
Rfd1 Rfe8 16. e3 Qa7 17. Nd4 Nb6 18. Bh3 Rc7 19. Ncxb5 1-0

[Event "25.Schlosspark-Open"]
[Site "Wiesbaden-Biebrich"]
[Date "2013.08.22"]
[Round "1.68"]
[White "Künitz, Klaus"]
[Black "Carow, Annelen"]
[Result "0-1"]
[WhiteElo "1535"]
[BlackElo "1997"]
[PlyCount "66"]
[EventDate "2013.??.??"]
[WhiteTeam "TSV Schott Mainz"]
[BlackTeam "Sfr.Heidesheim"]

1. d4 Nf6 2. c4 c5 3. Nf3 cxd4 4. Nxd4 b6 5. Nc3 Bb7 6. f3 a6 7. e4 d6 8. Be2
e6 9. O-O Be7 10. Be3 O-O 11. Qe1 Nbd7 12. Qf2 Rc8 13. Rfd1 Qc7 14. Rac1 Qb8
15. Nc2 Bd8 16. g4 Ne5 17. Bxb6 Nxc4 18. Bxd8 Rfxd8 19. Bxc4 Rxc4 20. Ne3 Rc7
21. Ne2 Ne8 22. Qh4 Rdd7 23. Nc4 d5 24. Nb6 Rd6 25. Qf2 dxe4 26. f4 Rxc1 27.
Rxc1 Qd8 28. Nc4 Rd1+ 29. Rxd1 Qxd1+ 30. Qf1 Qd5 31. Nc3 Qd4+ 32. Kg2 Bd5 33.
Ne5 f6 0-1

[Event "25.Schlosspark-Open"]
[Site "Wiesbaden-Biebrich"]
[Date "2013.08.22"]
[Round "1.69"]
[White "Diez, Gerhard"]
[Black "Mehl, Ulrich"]
[Result "1-0"]
[WhiteElo "1996"]
[BlackElo "1520"]
[PlyCount "131"]
[EventDate "2013.??.??"]
[WhiteTeam "SC Bad Nauheim"]
[BlackTeam "SAbt TSG Nieder-Erlenbach 1888"]

1. e4 c6 2. d4 d5 3. exd5 cxd5 4. c4 Nf6 5. Nc3 e6 6. Nf3 Bb4 7. cxd5 Nxd5 8.
Bd2 O-O 9. Bd3 Nc6 10. O-O b6 11. a3 Be7 12. Be4 Bb7 13. Nxd5 exd5 14. Bd3 Bf6
15. Be3 Qd7 16. b4 Rac8 17. Ra2 Rfe8 18. Qb1 h6 19. Bf5 Qd6 20. Bxc8 Bxc8 21.
Qd3 Re4 22. Rc1 Bf5 23. Qc3 Ne7 24. Qc7 Re6 25. Qxd6 Rxd6 26. h3 Be4 27. Ne5
Bxe5 28. dxe5 Re6 29. f3 Bd3 30. Rd2 Bc4 31. f4 Nf5 32. Bf2 h5 33. g3 g6 34.
Kg2 Ng7 35. a4 Re7 36. b5 Rc7 37. Rdc2 Kf8 38. Kf3 Ke7 39. g4 Ke6 40. Be3 Ke7
41. Bd4 Ke6 42. Ke3 Ke7 43. Bb2 Ke6 44. Rf2 Rc8 45. Ba3 Rd8 46. Rd2 Rc8 47. Rd4
Rc7 48. Bf8 Ne8 49. Bh6 hxg4 50. hxg4 f5 51. gxf5+ gxf5 52. Rg1 Rh7 53. Rg6+
Kd7 54. Rc6 Nc7 55. Rcxc4 Rxh6 56. Rc2 Rh3+ 57. Kd2 Rh2+ 58. Kc1 Rh8 59. Rg2
Rc8 60. Kb2 Ke6 61. Rg6+ Ke7 62. Rd2 Ne6 63. Rh2 Rf8 64. Rh7+ Rf7 65. Rxf7+
Kxf7 66. Rf6+ 1-0

[Event "25.Schlosspark-Open"]
[Site "Wiesbaden-Biebrich"]
[Date "2013.08.22"]
[Round "1.70"]
[White "Lehmann, Wolfgang"]
[Black "Kuhn, Gerhard"]
[Result "0-1"]
[WhiteElo "1482"]
[BlackElo "1996"]
[PlyCount "132"]
[EventDate "2013.??.??"]
[WhiteTeam "Wiesbadener SV 1885"]
[BlackTeam "SK Marburg 1931/72"]

1. d4 Nf6 2. Nf3 g6 3. c4 Bg7 4. Nc3 d5 5. c5 b6 6. cxb6 axb6 7. a3 O-O 8. e3
c5 9. Be2 Nc6 10. Nb5 Bb7 11. O-O Ne4 12. Bd2 e5 13. Bc3 exd4 14. exd4 Nxc3 15.
bxc3 Re8 16. Re1 Qd7 17. Bd3 Na5 18. a4 Bc6 19. Rb1 Rab8 20. Qd2 Rxe1+ 21. Qxe1
Re8 22. Qd2 Ra8 23. Qf4 Nb7 24. Bc2 Nd8 25. Re1 Ne6 26. Qd2 Bxb5 27. axb5 Qxb5
28. dxc5 Qxc5 29. Ne5 Rc8 30. Ba4 Qxc3 31. Qxc3 Rxc3 32. g3 d4 33. Nd7 d3 34.
Nxb6 Ra3 35. Bd1 Bc3 36. Rf1 Nc5 37. Nc4 Ra2 38. Ne3 Bd4 39. h4 Ne4 40. Ng4
Nxg3 41. Re1 Nf5 42. Bb3 Rb2 43. Ba4 Nxh4 44. Bc6 d2 45. Rd1 Rc2 46. Ba4 Rc1
47. Kf1 Nf5 48. Ke2 Bc3 49. Ne3 Nxe3 50. fxe3 Rxd1 51. Kxd1 f5 52. Ke2 Kg7 53.
Kf3 Kf6 54. e4 fxe4+ 55. Kxe4 h5 56. Bd1 Ba5 57. Kf3 Ke5 58. Ke2 Kf4 59. Kf2 h4
60. Kg2 Ke3 61. Bg4 Kd3 62. Bd1 Kc3 63. Kf3 Kb2 64. Ke2 Kc1 65. Ba4 Bc7 66. Bb3
h3 0-1

[Event "25.Schlosspark-Open"]
[Site "Wiesbaden-Biebrich"]
[Date "2013.08.22"]
[Round "1.71"]
[White "Cichy, Michael"]
[Black "Löster, Mario"]
[Result "1-0"]
[WhiteElo "1992"]
[BlackElo "1431"]
[PlyCount "79"]
[EventDate "2013.??.??"]
[WhiteTeam "SC Braunschweig Gliesmarode v. 1"]
[BlackTeam "FC 1934 Wiesbaden-Bierstadt"]

1. d4 e6 2. Nf3 Nf6 3. c4 c5 4. d5 d6 5. Nc3 a6 6. e4 h6 7. a4 Be7 8. Be2 O-O
9. h3 b6 10. O-O Nbd7 11. Be3 Qc7 12. Nd2 e5 13. f4 exf4 14. Bxf4 Nh7 15. Nf3
Bf6 16. Bg3 Re8 17. Qc2 Bb7 18. Rad1 Rad8 19. Kh1 Re7 20. e5 Bxe5 21. Nxe5 Nxe5
22. Rf2 f6 23. Qd2 Rde8 24. Rdf1 Ng5 25. b3 Qd7 26. h4 Nh7 27. Bh5 Nf7 28. Qf4
Rd8 29. Bxf7+ Rxf7 30. Ne4 Re7 31. Nxd6 g5 32. Qf5 Qxf5 33. Nxf5 Ree8 34. Nxh6+
Kg7 35. hxg5 Nxg5 36. Nf5+ Kg6 37. Nh4+ Kh5 38. Rxf6 Ne4 39. R1f5+ Kg4 40. Rg6+
1-0

[Event "25.Schlosspark-Open"]
[Site "Wiesbaden-Biebrich"]
[Date "2013.08.22"]
[Round "1.72"]
[White "Meier, Alexander"]
[Black "Troidl, Thomas"]
[Result "0-1"]
[WhiteElo "1390"]
[BlackElo "1991"]
[PlyCount "58"]
[EventDate "2013.??.??"]
[WhiteTeam "FC 1934 Wiesbaden-Bierstadt"]
[BlackTeam "TSV Kareth-Lappersdorf"]

1. e4 c5 2. Nf3 d6 3. Nc3 Nf6 4. Bc4 Nc6 5. h3 g6 6. d3 Bg7 7. Be3 O-O 8. a3 e6
9. Qd2 d5 10. exd5 exd5 11. Bxc5 Re8+ 12. Kd1 dxc4 13. dxc4 Be6 14. Qxd8 Raxd8+
15. Kc1 Bxc4 16. Be3 Bd5 17. Nxd5 Nxd5 18. Bd2 Ne5 19. Nh2 Nc4 20. c3 Nxd2 21.
Kxd2 Nxc3+ 22. Kc2 Re2+ 23. Kb3 Nb5 24. Rab1 Nd4+ 25. Ka2 Rxf2 26. g3 Ne2 27.
Kb3 Nxg3 28. Ng4 Rf3+ 29. Kc2 h5 0-1

[Event "25.Schlosspark-Open"]
[Site "Wiesbaden-Biebrich"]
[Date "2013.08.22"]
[Round "1.73"]
[White "Kobs, Stephan"]
[Black "Körbel, Ekkehard"]
[Result "1-0"]
[WhiteElo "1986"]
[BlackElo "1387"]
[PlyCount "79"]
[EventDate "2013.??.??"]
[WhiteTeam "SC Bad Salzdetfurth"]
[BlackTeam "SK 1950 Geisenheim"]

1. e4 e5 2. Nf3 Nc6 3. Bb5 d6 4. d4 a6 5. Bxc6+ bxc6 6. dxe5 d5 7. O-O Bc5 8.
Nc3 Ne7 9. Bg5 Bb7 10. Qe2 h6 11. Bh4 Qd7 12. Rfd1 Qe6 13. Bg3 O-O 14. Na4 Ba7
15. Nd4 Bxd4 16. Rxd4 c5 17. exd5 Bxd5 18. Nxc5 Qb6 19. b4 a5 20. Rg4 Qc6 21.
Ne4 Ng6 22. b5 Bc4 23. Nf6+ gxf6 24. Rxc4 Qxb5 25. exf6 c6 26. Re1 Rae8 27. Re4
Qxe2 28. R4xe2 Rxe2 29. Rxe2 Rd8 30. h4 h5 31. Kh2 Kf8 32. Bc7 Rd4 33. g3 Ra4
34. a3 Kg8 35. Bd6 Rc4 36. Kg2 Rd4 37. Be7 Nf8 38. Re5 Ne6 39. Rxa5 Rg4 40.
Rxh5 1-0

[Event "25.Schlosspark-Open"]
[Site "Wiesbaden-Biebrich"]
[Date "2013.08.22"]
[Round "1.74"]
[White "Schöneberger, Thomas"]
[Black "Schmidt, Volker"]
[Result "0-1"]
[WhiteElo "1382"]
[BlackElo "1968"]
[PlyCount "94"]
[EventDate "2013.??.??"]
[WhiteTeam "SC 1979 Hattersheim"]
[BlackTeam "SAbt TuS Dotzheim"]

1. e4 c5 2. c4 Nc6 3. Nf3 d6 4. h3 g6 5. d3 Bg7 6. Nc3 Nf6 7. Be2 O-O 8. a3 a6
9. Bd2 Rb8 10. b3 b5 11. Rb1 Ne8 12. Qc1 Nc7 13. O-O e6 14. Rd1 b4 15. axb4
cxb4 16. Na4 a5 17. Be3 Na6 18. d4 Ne7 19. Qc2 Bd7 20. c5 Bxa4 21. Bxa6 Bc6 22.
Bc4 d5 23. Bd3 dxe4 24. Bxe4 Nd5 25. Bd2 Qc7 26. Bxd5 Bxd5 27. Qd3 Qb7 28. Ne1
Be4 29. Qc4 Bxb1 30. Rxb1 Qe4 31. Nc2 Rfd8 32. Be3 Rbc8 33. Re1 Qd5 34. Qxd5
Rxd5 35. Re2 e5 36. dxe5 Bxe5 37. f4 Bc3 38. Kf2 Rc6 39. Kf3 f5 40. g4 Kf7 41.
g5 Rd3 42. Kf2 Re6 43. h4 a4 44. bxa4 b3 45. Ne1 Rdxe3 46. Rxe3 Bd4 47. Ng2 b2
0-1

[Event "25.Schlosspark-Open"]
[Site "Wiesbaden-Biebrich"]
[Date "2013.08.22"]
[Round "1.75"]
[White "Reichenbächer, Thomas"]
[Black "Triantafillidis, Simeon"]
[Result "1-0"]
[WhiteElo "1966"]
[BlackElo "1371"]
[PlyCount "59"]
[EventDate "2013.??.??"]
[WhiteTeam "SC Steißlingen"]
[BlackTeam "SF HN-Biberach 1978 e.V."]

1. g3 e5 2. Bg2 Nf6 3. d3 d5 4. Nd2 Bc5 5. e3 Nc6 6. Ne2 Be6 7. c3 O-O 8. d4
Bd6 9. dxe5 Nxe5 10. Nf3 c5 11. Nxe5 Bxe5 12. Qa4 a6 13. O-O b5 14. Qc2 Qd7 15.
Nf4 Bxf4 16. exf4 Rac8 17. a4 b4 18. a5 d4 19. cxd4 cxd4 20. Qd2 Bf5 21. Qxb4
d3 22. Bd2 Rc2 23. Rad1 Qa7 24. Be3 Qd7 25. Qb7 Qe6 26. b4 Ng4 27. Bc5 Rd8 28.
Qb6 Qc8 29. Bb7 Qb8 30. Bxa6 1-0

[Event "25.Schlosspark-Open"]
[Site "Wiesbaden-Biebrich"]
[Date "2013.08.22"]
[Round "1.76"]
[White "Troeger, Beate"]
[Black "Karthaus, Carsten"]
[Result "0-1"]
[WhiteElo "1339"]
[BlackElo "1965"]
[PlyCount "60"]
[EventDate "2013.??.??"]
[WhiteTeam "Vorw.Orient Mainz"]
[BlackTeam "SG Stern Stuttgart"]

1. f4 d5 2. Nf3 Nf6 3. b3 c5 4. Bb2 Nc6 5. e3 e6 6. Bb5 Bd7 7. O-O Be7 8. Bxc6
Bxc6 9. Ne5 Rc8 10. d3 O-O 11. Nd2 b5 12. Rc1 Bb7 13. Qe1 Ne8 14. e4 f6 15. Ng4
c4 16. Nf3 Qc7 17. e5 f5 18. Nf2 c3 19. Ba1 b4 20. Kh1 a5 21. d4 Ba6 22. Rg1 g6
23. g4 Ng7 24. h4 Kh8 25. Nh3 Rce8 26. Qg3 fxg4 27. Qxg4 Be2 28. Nhg5 Bxg5 29.
hxg5 Nh5 30. Rce1 Rxf4 0-1

[Event "25.Schlosspark-Open"]
[Site "Wiesbaden-Biebrich"]
[Date "2013.08.22"]
[Round "1.77"]
[White "Osswald, Luis Monty"]
[Black "Gelfenbaum, Daniel"]
[Result "1/2-1/2"]
[WhiteElo "1965"]
[BlackElo "1332"]
[PlyCount "80"]
[EventDate "2013.??.??"]
[WhiteTeam "Kasseler SK 1876"]
[BlackTeam "SAbt TuS Makkabi Ffm"]

1. e4 c6 2. Nf3 d5 3. Nc3 Bg4 4. exd5 cxd5 5. h3 Bh5 6. g4 Bg6 7. h4 h6 8. Bb5+
Nc6 9. Ne5 Qc7 10. d4 Nf6 11. Bf4 Qc8 12. Nxg6 fxg6 13. Rg1 e6 14. Qd3 Kf7 15.
Bxc6 Qxc6 16. O-O-O Bd6 17. Be5 Rac8 18. h5 Ne4 19. hxg6+ Ke7 20. Nxe4 dxe4 21.
Bxd6+ Kxd6 22. Qg3+ Kd7 23. c3 Qd6 24. f4 Rhf8 25. Rdf1 Kc7 26. Qe3 Qd5 27. Re1
Qxa2 28. Qxe4 Qa1+ 29. Kc2 Qa4+ 30. Kb1 Qd7 31. Qe5+ Kd8 32. d5 exd5 33. Rd1
Re8 34. Qxd5 Qxd5 35. Rxd5+ Ke7 36. Rf5 Rf8 37. Re1+ Kd6 38. Ree5 Rxf5 39. Rxf5
Re8 40. Rf7 Re7 1/2-1/2